The romantic movement in French literature traced by a series of texts selected and edited
Guardat en:
| Autor principal: | |
|---|---|
| Format: | Llibre |
| Idioma: | anglès |
| Publicat: |
Cambridge University Press
2013
|
| Etiquetes: |
Afegir etiqueta
Sense etiquetes, Sigues el primer a etiquetar aquest registre!
|
MARC
| LEADER | 00000nam a22000007a 4500 | ||
|---|---|---|---|
| 008 | 231006b |||||||| |||| 00| 0 eng d | ||
| 020 | |a 9781107647107 | ||
| 100 | |a STEWART, H.E |a Tilley Arthur | ||
| 245 | |a The romantic movement in French literature |b traced by a series of texts selected and edited |c H.E. Stewart and Arthur Tiley |g xi, 249p | ||
| 260 | |b Cambridge University Press |c 2013 |h New York |i 700496 |i 700497 |l PQ2877.St3 |m French literature- 19th century-History and criticism |m Romanticism- France | ||
| 500 | |a it includes index | ||
| 942 | |a lcc |c BK |e Johnson |f 06/10/23 | ||
| 952 | |0 0 |1 0 |2 lcc |4 0 |6 PQ2877 S T3 |7 0 |9 4543 |a ART |b HOL |c LP |d 2023-10-06 |l 0 |o PQ2877.St3 |p 2023-0463 |r 2023-10-06 00:00:00 |t 700496 |w 2023-10-06 |y BK | ||
| 952 | |0 0 |1 0 |2 lcc |4 0 |6 PQ2877 S T3 |7 0 |9 4544 |a HOL |b HOL |c LP |d 2023-10-06 |l 0 |o PQ2877.St3 |p 2023-0464 |r 2023-10-06 00:00:00 |t 700497 |w 2023-10-06 |y BK | ||
| 999 | |c 2277 |d 2277 | ||